000 01497nam a2200217Ia 4500
999 _c52943
_d52943
001 19973
003 GE_BSU
005 20190625200855.0
008 181216s1958|||| |||||||||||||| ||geo||
080 _a81'374.3=353.1 ქ-27
245 _aქართული ენის განმარტებითი ლექსიკონი. ტ. 5 : მ - ნ /
_cმთ. რედ : გ. ახვლედიანი ; [და სხვ.] მეხუთე ტომის რედ : ს.ვაჩნაძე; ოტ. კახაძე ; არნ. ჩიქობავას საერთო რედაქციით.
264 _aთბილისი :
_bსაქ. სსრ მეცნ. აკად. გამ-ბა,
_c1958.
300 _a1524 გვ.:
_c28 სმ.
546 _aპარალ. თავფურ. რუს. ენ.
653 _aქართული ენის განმარტებითი ლექსიკონი. ტ. 5 : მ - ნ
700 _aხვლედიანი, გ [და სხვ.]
_eმთავარი რედაქცია
_92915
700 _aვაჩნაძე., ს
_eმეხუთე ტომის რედაქტორი
_92916
700 _aკახაძე, ოტ
_eმეხუთე ტომის რედაქტორი
_92917
700 _aჩიქობავა, არნოლდის
_eსაერთო რედაქციით
_92907
942 _cBK
_2udc